00501nam a2200193Ia 4500008004100000020001800041050001400059100002000073245003500093245002400128245005500152260001500207260001600222260000900238300001400247300002700261300001000288500000900298170918s9999 xx 000 0 und d a9780545341271 bK395 2010 aKerley, Barbara 4aThe extraordinary Mark Twain : baccording to Susy / cBarbara Kerley ; illustrated by Edwin Fothringham. aNew York : bScholastic, c2010 aunpaged : bcolored illustration ; c28cm. a1090